| 000 | 00390pab a2200145 454500 | ||
|---|---|---|---|
| 008 | 180718b1987 xxu||||| |||| 00| 0 eng d | ||
| 100 | _aLongboltom, Graham | ||
| 245 | _aPublic sector management and private sector models | ||
| 260 | _c1987 | ||
| 300 | _a146-9 | ||
| 362 | _aJune | ||
| 650 | _aGovernment Enterprise | ||
| 773 | _aAustralian Journal of Public Administration | ||
| 909 | _a9155 | ||
| 999 |
_c9155 _d9155 |
||